|
|
|
|
| LEADER |
01014nam a2200253 a 4500 |
| 001 |
3123741 |
| 008 |
110130r20021967enk b 000 0 eng d |
| 010 |
|
|
|a 68074186
|
| 020 |
|
|
|a 0198750056
|
| 040 |
|
|
|a DLC
|c DLC
|d DLC
|d BD-DhAAL
|
| 082 |
0 |
0 |
|a 171/.08
|
| 100 |
1 |
|
|a Foot, Philippa.
|
| 245 |
1 |
0 |
|a Theories of ethics;
|c edited by Philippa Foot.
|
| 260 |
|
|
|a London,
|b Oxford U.P.,
|c 1967 [reprinted 2002].
|
| 300 |
|
|
|a [4], 188 p.
|c 20 1/2 cm.
|
| 350 |
|
|
|a 8/6
|
| 490 |
0 |
|
|a Oxford readings in philosophy
|
| 504 |
|
|
|a Bibliography: p. [185]-187.
|
| 541 |
1 |
|
|e 00014946
|
| 650 |
|
0 |
|a Ethics.
|
| 852 |
|
|
|a Ayesha Abed Library
|c General Shelf.
|
| 999 |
|
|
|c 10410
|d 10410
|
| 952 |
|
|
|0 0
|1 0
|2 ddc
|4 0
|6 171_080000000000000_FOO
|7 0
|9 14291
|a BRACUL
|b BRACUL
|c GEN
|d 2011-01-31
|l 1
|m 6
|o 171.08 FOO
|p 3010014946
|r 2017-05-11
|s 2017-02-16
|t 1
|w 2011-01-31
|y BK
|
| 952 |
|
|
|0 0
|1 0
|2 ddc
|4 0
|6 171_080000000000000_FOO
|7 0
|9 14292
|a BRACUL
|b SCL
|c GEN
|d 2011-01-31
|l 3
|m 1
|o 171.08 FOO
|p 3010014945
|r 2025-12-26
|s 2024-10-26
|t 2
|w 2011-01-31
|y BK
|x Koha Inventory 2020
|